Il nero Atlantico /

Na minha lista:
Detalhes bibliográficos
Autor principal: Duras, Marguerite (Author)
Outros Autores: Feroldi, Donata
Formato: Livro
Idioma:Língua italiana
Publicado em: Milano : A. Mondadori, 1998
Colecção:Oscar original ; 27
Tags: Adicionar Tag
Sem tags, seja o primeiro a adicionar uma tag!

MARC

LEADER 00000nam a2200000 i 4500
001 IT\ICCU\VIA\0068387
003 ItRI
005 20250728221935.0
008 980721s1998 it |||||| ||||| |||||c
015 |2 IT  |a 99-8709 
020 |a 8804448504 
040 |b ita  |c ct 
041 7 |a ita  |2 ISO-639-2 
082 |a 848.91408  |2 20 
100 1 |a Duras, Marguerite  |0 IT\ICCU\CFIV\016886  |4 aut 
240 1 3 |a Le monde extérieur.  |9 Duras, Marguerite 
245 1 3 |a Il nero Atlantico /  |c Marguerite Duras ; traduzione e note di Donata Feroldi. 
260 |a Milano :  |b A. Mondadori,  |c 1998 
300 |a 114 p. ;  |c 18 cm. 
700 1 |a Feroldi, Donata  |0 IT\ICCU\VIAV\096431 
830 0 |a Oscar original ;  |v 27  |0 IT\ICCU\RAV\0296468 
942 |2 ddc  |c BK 
952 |0 0  |1 0  |2 ddc  |4 0  |6 B_LNR01DURMANER11  |7 0  |9 7631  |a MI  |b MI  |d 2012-01-27  |i 6365  |l 0  |o B-LNR01-DURMA-NER11  |p CDOM6365  |r 2025-07-13 16:28:43  |w 2025-07-13  |x DONO  |y BK 
981 1 |6 z01  |a i   |b xxxe  
982 1 |6 z01  |a n 
999 |c 6318  |d 6318